| 000 | 01736cam a22005054i 4500 | ||
|---|---|---|---|
| 003 | PE-LiUPU | ||
| 005 | 20250731173052.0 | ||
| 008 | 180226s2011 inu rb 000 0 eng d | ||
| 020 | _a9781575062136 | ||
| 035 | _a(Sirsi) a241380 | ||
| 040 |
_aPE-LiUPU _bspa _cPE-LiUPU _erda |
||
| 049 | _aPRUA | ||
| 082 | 0 | 4 |
_a299.2 _bW11 _223 |
| 100 | 1 |
_aWay, Kenneth C., _eautor. |
|
| 245 | 1 | 0 |
_aDonkeys in the Biblical world : _ba ceremonial and symbolic study / _cKenneth C. Way. |
| 264 | 1 |
_aWinona Lake, Indiana : _bEisenbrauns, _c2011. |
|
| 300 |
_axvi, 272 páginas ; _c24 centímetros. |
||
| 336 |
_atext _2rdacontent |
||
| 337 |
_aunmediated _2rdamedia |
||
| 338 |
_avolume _2rdacarrier |
||
| 490 | 0 |
_aHistory, archaeology, and culture of the Levant ; _v2 |
|
| 504 | _aBibliografía : páginas 208-259. | ||
| 505 | 0 | _aIntroduction -- The donkey in ancient near eastern texts -- The donkey in near eastern archaeology -- The donkey in biblical literature -- Synthesis. | |
| 526 | _aSEG42 | ||
| 526 | _aSEG41 | ||
| 526 | _aSEG40 | ||
| 526 | _aSEG39 | ||
| 526 | _aP94 | ||
| 526 | _aP87 | ||
| 526 | _aP86 | ||
| 526 | _aP85 | ||
| 526 | _aP77 | ||
| 526 | _aP76 | ||
| 526 | _aP35 | ||
| 650 | 0 | 4 | _aSemites -- Religión. |
| 650 | 0 | 4 | _aBurros--Religioso - Historia. |
| 650 | 0 | 4 | _aSemites--Religion. |
| 650 | 0 | 4 | _aDonkeys--Religious--History. |
| 910 |
_adbm _bncf _cncf _d20180226 |
||
| 942 |
_2ddc _cBOOK |
||
| 994 |
_aC0 _bPEPRU |
||
| 596 | _a1 | ||
| 999 |
_a299.2 W11 _wDEWEY _c27018 _i78301 _f2021-11-11 _g4 _lCCODEBUL1 _mBUL _p48.50 _r0 _sY _tBOOK _u2018-2-26 _xTEOLOGIA _PP85 _0DONACION _o.STAFF. Colección Teología _d27018 |
||
| 980 |
_81 _gALBERTO SANCHEZ Responsable de Automatización |
||